[Event "TCh-SLO"]
[Site "Celje SLO"]
[Date "2004.11.29"]
[Round "1"]
[White "Jelen,Ig"]
[Black "Zaja,I"]
[Result "0-1"]
[WhiteElo "2346"]
[BlackElo "2459"]

1.d4 Nf6 2.c4 e6 3.Nc3 Bb4 4.Qc2 O-O 5.a3 Bxc3+ 6.Qxc3 b6 7.Bg5 Bb7 8.f3 d6
9.e4 c5 10.d5 Nbd7 11.dxe6 fxe6 12.Bd3 d5 13.exd5 exd5 14.Ne2 d4 15.Qc2 Qe8
16.O-O h6 17.Bd2 Ne5 18.Rae1 Nxd3 19.Qxd3 Qf7 20.Ng3 Nd7 21.Re2 Rae8 22.Rfe1 Bc6
23.b3 Rxe2 24.Qxe2 Nf6 25.Nf5 Re8 26.Qf2 Rxe1+ 27.Qxe1 Bd7 28.Nd6 Qg6 29.Qg3 Qb1+
30.Kf2 Qc2 31.Qf4 Qxb3 32.g4 Qc2 33.h4 Be6 34.Ke1 Qb1+ 35.Kf2 Qd3 36.h5 Bxc4
37.Nxc4 Qxc4 38.g5 hxg5 39.Qb8+ Kh7 40.Bxg5 Qc2+ 41.Kg3 Nxh5+ 42.Kg4 Qg2+
43.Kxh5 Qh3+ 44.Bh4 g6+  0-1

[Event "Extraliga CZE 2004-5"]
[Site "Czech Rep CZE"]
[Date "2004.12.04"]
[Round "3"]
[White "Timoscenko,G"]
[Black "Volosin,V"]
[Result "1/2-1/2"]
[WhiteElo "2504"]
[BlackElo "2300"]

1.d4 Nf6 2.c4 e6 3.Nc3 Bb4 4.Qc2 O-O 5.a3 Bxc3+ 6.Qxc3 d6 7.g3 Qe7 8.Nf3 Re8
9.Bg2 e5 10.O-O e4 11.Ne1 d5 12.Bg5 Nbd7 13.cxd5 Nxd5 14.Bxe7 Nxc3 15.bxc3 Rxe7
16.Nc2 b6 17.Ne3 Nf6 18.c4 Bb7 19.Bh3 Bc8 20.Bg2 Bb7 21.Rfd1 Rd8 22.Bh3 Bc8
23.Bxc8 Rxc8 24.a4 Rd7 25.a5 Rcd8 26.axb6 cxb6 27.d5 g6 28.Ra6 Kg7 29.Rda1 b5
30.cxb5 Nxd5 31.Rxa7 Rxa7 32.Rxa7 Nxe3 33.fxe3 Rd1+ 34.Kf2 Rb1 35.Rb7 g5
36.g4 h6 37.b6 Kg6 38.Rb8 Kg7  1/2-1/2

[Event "FSIM December"]
[Site "Budapest HUN"]
[Date "2004.12.08"]
[Round "5"]
[White "Fodor,T jr"]
[Black "Eperjesi,L"]
[Result "1/2-1/2"]
[WhiteElo "2169"]
[BlackElo "2283"]

1.d4 Nf6 2.c4 e6 3.Nc3 Bb4 4.Qc2 O-O 5.e4 d6 6.a3 Bxc3+ 7.bxc3 e5 8.Bd3 Nc6
9.Ne2 b6 10.O-O Ba6 11.f4 Nd7 12.Be3 Re8 13.Ng3 Na5 14.Qe2 c5 15.fxe5 cxd4
16.e6 fxe6 17.cxd4 Rc8 18.Rac1 Nf8 19.Nh5 Rc7 20.Qg4 Kh8 21.Rf3 e5 22.Rcf1 Bc8
23.Qg3 Ng6 24.Bg5 Qd7 25.dxe5 dxe5 26.Qxe5 h6 27.Qg3 hxg5 28.e5 g4 29.R3f2 Rc6
30.Nf6 gxf6 31.Bxg6 f5 32.Qh4+ Kg8 33.Rxf5 Qg7 34.Bh7+ Qxh7 35.Rf8+ Rxf8
36.Rxf8+ Kxf8 37.Qxh7 Nxc4 38.Qe4 Na5  1/2-1/2

[Event "ch-IND"]
[Site "Visakhapatnam IND"]
[Date "2004.12.08"]
[Round "6"]
[White "Gupta,Ab"]
[Black "Bakre,T"]
[Result "0-1"]
[WhiteElo "2412"]
[BlackElo "2491"]

1.d4 Nf6 2.c4 e6 3.Nc3 Bb4 4.Qc2 O-O 5.e4 d5 6.e5 Ne4 7.a3 Bxc3+ 8.bxc3 c5
9.Bd3 cxd4 10.cxd4 Qa5+ 11.Kf1 Bd7 12.Ne2 Ba4 13.Qa2 Nc6 14.Qb2 f6 15.Bxe4 dxe4
16.exf6 Rxf6 17.Be3 Qa6 18.c5 Na5 19.Kg1 Nc4 20.Qc3 Raf8 21.h3 Nxe3 22.Qxe3 Rxf2
23.Qxf2 Rxf2 24.Kxf2 Qd3 25.Rhe1 Bc6 26.Kg1 e3 27.Kh1 Qg6  0-1

[Event "Open"]
[Site "Ashdod ISR"]
[Date "2004.12.10"]
[Round "2"]
[White "Blokh,D"]
[Black "Gofshtein,Z"]
[Result "0-1"]
[WhiteElo "2276"]
[BlackElo "2534"]

1.d4 Nf6 2.c4 e6 3.Nc3 Bb4 4.Qc2 O-O 5.a3 Bxc3+ 6.Qxc3 d6 7.Bg5 Nbd7 8.f3 e5
9.e4 a5 10.Nh3 exd4 11.Qxd4 Nc5 12.Bxf6 gxf6 13.Qe3 f5 14.Qh6 fxe4 15.Ng5 Bf5
16.fxe4 Bg6 17.Be2 Qf6 18.Rb1 Qd4 19.Qh4 Rae8 20.Qf2 Qxf2+ 21.Kxf2 f6 22.Nf3 Nxe4+
23.Ke1 Nc3  0-1

[Event "ch-IND"]
[Site "Visakhapatnam IND"]
[Date "2004.12.10"]
[Round "9"]
[White "Sundararajan,K"]
[Black "Venkatesh,M"]
[Result "1/2-1/2"]
[WhiteElo "2476"]
[BlackElo "2450"]

1.d4 Nf6 2.c4 e6 3.Nc3 Bb4 4.Qc2 O-O 5.a3 Bxc3+ 6.Qxc3 b6 7.Bg5 Ba6 8.Qf3 Nc6
9.e3 Na5 10.Rc1 c5 11.d5 exd5 12.Bxf6 Qxf6 13.Qxf6 gxf6 14.cxd5 Bxf1 15.Kxf1 Rfe8
16.Nh3 Nb3 17.Rc3 c4 18.Nf4 Re5 19.g4 Kf8 20.h3  1/2-1/2

[Event "Open"]
[Site "Ashdod ISR"]
[Date "2004.12.11"]
[Round "3"]
[White "Rodshtein,M"]
[Black "Golod,V"]
[Result "1-0"]
[WhiteElo "2377"]
[BlackElo "2554"]

1.d4 Nf6 2.c4 e6 3.Nc3 Bb4 4.Qc2 O-O 5.a3 Bxc3+ 6.Qxc3 b6 7.Bg5 Bb7 8.e3 d6
9.Ne2 Nbd7 10.Qd3 c5 11.Nc3 Qe7 12.Rd1 Rfd8 13.d5 Ne5 14.Qc2 h6 15.Bh4 Ng6
16.Bg3 exd5 17.cxd5 Nh5 18.Be2 Nxg3 19.hxg3 a6 20.a4 Re8 21.e4 Bc8 22.O-O Bd7
23.f4 b5 24.axb5 axb5 25.Bxb5 Bxb5 26.Nxb5 Rab8 27.Nc3 Rb4 28.e5 dxe5 29.f5 Nf8
30.f6 Qb7 31.fxg7 Nh7 32.Qf5 Ng5 33.Qf6 Rb6 34.d6 Rxb2 35.Nd5 Re6 36.Qd8+ Kxg7
37.d7 Rd6 38.Ne3 Rxd1 39.Qf6+ Kh7 40.Rxd1 Qe4 41.d8=Q Qxe3+ 42.Kh1  1-0

[Event "FSGM December"]
[Site "Budapest HUN"]
[Date "2004.12.13"]
[Round "10"]
[White "Gonda,L"]
[Black "Szabo,K"]
[Result "1/2-1/2"]
[WhiteElo "2400"]
[BlackElo "2394"]

1.d4 Nf6 2.c4 e6 3.Nc3 Bb4 4.Qc2 O-O 5.a3 Bxc3+ 6.Qxc3 b6 7.Bg5 Bb7 8.f3 h6
9.Bh4 d5 10.e3 c5 11.cxd5 g5 12.Bg3 Nxd5 13.Qd2 cxd4 14.exd4 Nc6 15.h4 Rc8
16.hxg5 Qxg5 17.Qxg5+ hxg5 18.Bd3 Ne3 19.Ne2 Rfd8 20.Rh5 f6 21.Kf2 Nf5 22.Bxf5 exf5
23.Rah1 Ba6 24.Rh8+ Kf7 25.R8h7+ Ke6 26.Re1 Bxe2 27.Rxe2+ Kd5 28.Bc7 Nxd4
29.Bxd8 Nxe2 30.Rd7+ Ke6 31.Re7+ Kd6 32.Kxe2 Rxd8 33.Rxa7 Kc5  1/2-1/2

[Event "Master Open"]
[Site "Singapore SIN"]
[Date "2004.12.13"]
[Round "4"]
[White "Xu Jun"]
[Black "Goh Koon Jong,J"]
[Result "1/2-1/2"]
[WhiteElo "2589"]
[BlackElo "2419"]

1.d4 Nf6 2.c4 e6 3.Nc3 Bb4 4.Qc2 O-O 5.a3 Bxc3+ 6.Qxc3 b6 7.Bg5 Ba6 8.Qf3 Nc6
9.e3 h6 10.Bxf6 Qxf6 11.Qxf6 gxf6 12.Nf3 Ne7 13.Be2 d6 14.b4 Rfc8 15.Nd2 Kg7
16.Bf3 Rab8 17.Ke2 d5 18.b5 Bb7 19.Rhc1 c6 20.a4 a6 21.bxa6 Bxa6 22.Ke1 c5
23.cxd5 cxd4 24.d6 Nf5 25.d7 Rd8 26.Rc7 dxe3 27.fxe3 Nd6 28.a5 Kf8 29.Nb3 bxa5
30.Nxa5 Bb5 31.Bc6 Rb6 32.Bxb5 Nxb5 33.Rc8 Ke7 34.Nc6+ Rxc6 35.Rxc6 Rxd7
36.Rc5 Nd6 37.Rh5 Nf5 38.e4 Nd6 39.Ra4 Rb7 40.Rxh6 Rb1+ 41.Kf2 Rb2+ 42.Kf1 Rb1+
43.Ke2 Rb2+ 44.Kd3 Rxg2 45.Ra7+ Kf8 46.Rd7 Rg1 47.Rxf6 Ke8 48.Ra7 Rd1+ 49.Ke2 Rd2+
50.Kf1 Rd4 51.Kg2 Rd2+ 52.Rf2 Rxf2+ 53.Kxf2 Nxe4+ 54.Kf3 Nf6 55.Ra8+ Ke7
56.h4 Nd5 57.h5 Kf6 58.Rg8 Ne7 59.Rg1 Nf5 60.Ke4 Nd6+ 61.Kd4 Nf5+ 62.Kc4 Nh6
63.Kc5 Kf5 64.Kd6 Kf6 65.Kd7 e5 66.Kd6 e4 67.Kd5 Kf5 68.Kd4 Kf4 69.Rf1+ Kg5
70.Kxe4 f5+ 71.Ke5 Ng4+ 72.Ke6 f4 73.Rf3 Nh2 74.h6 Kxh6 75.Rxf4 Kg5 76.Rf5+ Kg4
77.Rf8 Nf3 78.Kd5 Ng5 79.Ke5 Nf3+ 80.Ke4 Ng5+ 81.Ke3 Ne6 82.Ra8 Kf5 83.Ra6 Ke5
84.Ra5+ Kf6 85.Ke4 Ng5+  1/2-1/2

[Event "ch-IND"]
[Site "Visakhapatnam IND"]
[Date "2004.12.13"]
[Round "13"]
[White "Gupta,Ab"]
[Black "Venkatesh,M"]
[Result "1-0"]
[WhiteElo "2412"]
[BlackElo "2450"]

1.d4 Nf6 2.c4 e6 3.Nc3 Bb4 4.Qc2 O-O 5.Nf3 c5 6.dxc5 Na6 7.e3 Nxc5 8.Bd2 b6
9.Be2 Bb7 10.O-O Bxc3 11.Bxc3 d5 12.b3 Nfe4 13.Bd4 dxc4 14.Bxc4 Qe7 15.Qb2 f6
16.b4 Nd7 17.Qb3 Rfe8 18.Rfd1 Nd6 19.Bb2 Rac8 20.Bxe6+ Qxe6 21.Rxd6 Qxb3
22.axb3 Bxf3 23.Rxd7 Bc6 24.Rdxa7 Ra8 25.Rxa8 Rxa8 26.Rxa8+ Bxa8 27.b5 Bd5
28.b4 Bc4 29.Bd4 Bxb5 30.Bxb6 f5 31.f3 Kf7 32.Kf2 Ke6 33.e4 g6 34.Ke3 fxe4
35.fxe4 h5 36.g3 Bf1 37.Kd4 Kd6 38.Bc5+ Kc6 39.e5 Bh3 40.b5+ Kd7 41.Bd6 Bf1
42.Kc5 Bg2 43.Kb6 Bf1 44.Ba3 g5 45.Bc1 g4 46.e6+ Kxe6 47.Kc6 Bg2+ 48.Kc7 Kd5
49.b6 Kd4 50.b7 Bxb7 51.Kxb7 Ke4 52.Bg5  1-0

[Event "ch-IND"]
[Site "Visakhapatnam IND"]
[Date "2004.12.15"]
[Round "15"]
[White "Sundararajan,K"]
[Black "Roktim,B"]
[Result "1/2-1/2"]
[WhiteElo "2476"]
[BlackElo "2345"]

1.d4 e6 2.c4 Nf6 3.Nc3 Bb4 4.Qc2 O-O 5.a3 Bxc3+ 6.Qxc3 b6 7.Bg5 Bb7 8.e3 d6
9.Ne2 Nbd7 10.Qd3 h6 11.Bh4 Rc8 12.Nc3 Ba6 13.Qc2 c5 14.d5 exd5 15.Nxd5 Bb7
16.Rd1 Bxd5 17.Rxd5 g5 18.Bxg5 hxg5 19.Rxg5+ Kh8 20.Qf5 Rg8 21.h4 Qf8 22.Rh5+ Nxh5
23.Qxh5+ Kg7 24.Qg5+ Kh8 25.Qh5+ Kg7  1/2-1/2

[Event "ch-IND"]
[Site "Visakhapatnam IND"]
[Date "2004.12.15"]
[Round "15"]
[White "Gupta,Ab"]
[Black "Kunte,A"]
[Result "1/2-1/2"]
[WhiteElo "2412"]
[BlackElo "2550"]

1.d4 Nf6 2.c4 e6 3.Nc3 Bb4 4.Qc2 O-O 5.a3 Bxc3+ 6.Qxc3 d6 7.Bg5 Nbd7 8.f3 d5
9.e3 c6 10.Bd3 Re8 11.Ne2 Qe7 12.O-O h6 13.Bh4 e5 14.cxd5 exd4 15.exd4 Nxd5
16.Bxe7 Nxc3 17.Nxc3 Rxe7 18.Rfe1 Rxe1+ 19.Rxe1 Kf8 20.Ne4 Nf6 21.Nd6 b5
22.Rc1 Bd7 23.Be4 Nxe4 24.fxe4 Ke7 25.Nb7 f6 26.Kf2 Rb8 27.Nc5 Re8 28.Ke3 Kd6
29.Kd3 Bc8 30.a4 bxa4 31.Ra1 Re7 32.Rxa4 Rf7 33.Rb4 Kc7 34.Ra4 Kd6 35.Rb4 Kc7
36.Rb3 Re7 37.Ra3 Kd6 38.Ra5 Rf7 39.Ra3 Re7 40.Rb3  1/2-1/2

[Event "4th NAO GM"]
[Site "Paris FRA"]
[Date "2004.12.16"]
[Round "2"]
[White "Goldsztejn,G"]
[Black "Dunis,A"]
[Result "1/2-1/2"]
[WhiteElo "2359"]
[BlackElo "2461"]

1.d4 Nf6 2.c4 e6 3.Nc3 Bb4 4.Qc2 O-O 5.Nf3 d5 6.Bg5 h6 7.Bh4 c5 8.a3 Bxc3+
9.Qxc3 cxd4 10.Qxd4 Nc6 11.Qd2 dxc4 12.e3 b5 13.Be2 Bb7 14.O-O Qxd2 15.Nxd2 Ne5
16.Rfd1 Rfd8 17.Nf1 Be4 18.a4 b4 19.Rd4 Bd3 20.Bg3 Rxd4 21.exd4 Bxe2 22.Bxe5 Bxf1
23.Kxf1 Nd5 24.Bd6 a5 25.g3 Rc8 26.Bc5 e5 27.Rc1 c3 28.bxc3 bxc3 29.Ke2 exd4
30.Bxd4 Rc4 31.Kd3 Rxa4 32.Ke4 Nc7 33.Kd3 Nb5 34.Bc5 Ra2 35.Rb1 Rb2 36.Ra1 c2
37.Be3 Rb3+ 38.Kxc2 Ra3 39.Rxa3 Nxa3+ 40.Kb3 Nb5 41.Ka4 Nd6 42.Kxa5 Kh7 43.Kb4 Kg6
44.Kc5 Nf5 45.Bc1 h5 46.Kd5 Ne7+ 47.Kd6 Nf5+ 48.Kd5 Ne7+ 49.Kd6 Nf5+  1/2-1/2

[Event "XVII Torre Mem KO"]
[Site "Yucatan MEX"]
[Date "2004.12.17"]
[Round "1.1"]
[White "Vera,R"]
[Black "Sulskis,S"]
[Result "1/2-1/2"]
[WhiteElo "2461"]
[BlackElo "2555"]

1.d4 Nf6 2.c4 e6 3.Nc3 Bb4 4.Qc2 O-O 5.e4 d5 6.e5 Ne4 7.a3 Bxc3+ 8.bxc3 c5
9.Bd3 cxd4 10.cxd4 Qa5+ 11.Kf1 Bd7 12.Ne2 f5 13.Rb1 Na6 14.Rxb7 Ba4 15.Qb1 dxc4
16.Bxc4 Kh8 17.f3 Rac8 18.Bd3 Nac5 19.dxc5 Nxc5 20.Kf2 Nxb7 21.Qxb7 Rfd8
22.Be3 Rc7 23.Qb1 Qxe5 24.Qb4 Bc2 25.Rc1 Bxd3 26.f4 Rxc1 27.fxe5 Rc2 28.Bg5 Rxe2+
29.Kf3 Rc8 30.Bf6 Rec2 31.Bxg7+ Kg8 32.Qe7 Be4+ 33.Kf4 Bd5 34.Bh6 Rxg2 35.h3 Rg6
36.Qd7 Rc4+ 37.Ke3 Rxh6 38.Qd8+ Kf7 39.Qd7+ Kg6 40.Qe8+ Kg5 41.Qe7+ Kh5 42.Kf2 a5
43.Kf1 a4 44.Kf2 Rh4 45.Qf7+ Kg5 46.Qg7+ Kh5 47.Qf7+ Kg5 48.Qg7+ Rg6 49.Qe7+ Kf4
50.Qxh4+ Kxe5 51.Ke3 Rg2 52.Qf4+ Kf6 53.Qh6+ Ke5 54.Qf4+ Kf6 55.Qh6+ Ke5  1/2-1/2

[Event "XIII Open"]
[Site "Erandio ESP"]
[Date "2004.12.22"]
[Round "7"]
[White "Vasilev,M"]
[Black "Rizouk,A"]
[Result "0-1"]
[WhiteElo "2425"]
[BlackElo "2465"]

1.d4 Nf6 2.c4 e6 3.Nc3 Bb4 4.Qc2 O-O 5.Nf3 c5 6.dxc5 Na6 7.a3 Bxc3+ 8.Qxc3 Nxc5
9.b4 Nce4 10.Qd4 d6 11.Ng5 e5 12.Qd3 Bf5 13.f3 Nxg5 14.Qxf5 Ne6 15.e3 a5
16.b5 Nc5 17.Be2 Nb3 18.Rb1 Nxc1 19.Rxc1 Rc8 20.h4 e4 21.f4 Rc5 22.Qh3 d5
23.g4 dxc4 24.g5 Nd5 25.h5 c3 26.g6 Nxf4 27.gxh7+ Kxh7 28.exf4 Qd2+ 29.Kf2 Qxf4+
30.Bf3 Rd8  0-1

[Event "4th NAO GM"]
[Site "Paris FRA"]
[Date "2004.12.23"]
[Round "9"]
[White "Goldsztejn,G"]
[Black "Inkiov,V"]
[Result "1-0"]
[WhiteElo "2359"]
[BlackElo "2496"]

1.d4 Nf6 2.c4 e6 3.Nc3 Bb4 4.Qc2 O-O 5.Nf3 d5 6.cxd5 exd5 7.Bg5 c5 8.e3 Nbd7
9.Bd3 Qa5 10.O-O c4 11.Bf5 g6 12.Bxd7 Nxd7 13.a3 Bxc3 14.bxc3 Re8 15.Rfe1 Nb6
16.Qd2 Bf5 17.Ne5 Re6 18.e4 Bxe4 19.Qf4 f6 20.Bxf6 Bf5 21.Ng4 Qxc3 22.Rec1 Qd3
23.Qh6 Rxf6 24.Nxf6+ Kf7 25.Rd1 Qc2 26.Nxh7 Rh8 27.Qh4 Kg8 28.Re1 Be4 29.Nf6+ Kg7
30.Qg5 Rf8 31.Rxe4 dxe4 32.Nh5+ Kh7 33.Qe7+ Kh6 34.Qxf8+ Kxh5 35.Qh8+ Kg5
36.h4+ Kg4 37.Qf6 Qd2 38.Qxg6+  1-0

[Event "13th Donau Open"]
[Site "Aschach AUT"]
[Date "2004.12.27"]
[Round "2"]
[White "Simic,Mi"]
[Black "Petkov,V"]
[Result "0-1"]
[WhiteElo "2184"]
[BlackElo "2413"]

1.d4 Nf6 2.c4 e6 3.Nc3 Bb4 4.Qc2 O-O 5.a3 Bxc3+ 6.Qxc3 b5 7.Bg5 bxc4 8.Qxc4 a5
9.Nf3 Ba6 10.Qc2 Nc6 11.Rd1 Qb8 12.Bxf6 gxf6 13.d5 Ne7 14.dxe6 dxe6 15.g3 Qb5
16.e4 Qh5 17.Nh4 Bxf1 18.Kxf1 Rab8 19.Kg2 c5 20.Rd7 Nc6 21.Nf3 Rfc8 22.Rc1 Ne5
23.Nxe5 Qxe5 24.b3 a4 25.f4 Qh5 26.bxa4 c4 27.Rd4 Qa5 28.f5 c3 29.fxe6 fxe6
30.Qe2 Rd8 31.Qg4+ Kf7 32.Rcd1 Rb2+ 33.Kh3 Rd2 34.Rxd8 Qxd8 35.Qh5+ Kf8 36.Rb1 c2
37.Qc5+ Kg8 38.Rb2 Qf8  0-1

[Event "13th Donau Open"]
[Site "Aschach AUT"]
[Date "2004.12.27"]
[Round "2"]
[White "Studnicka,T"]
[Black "Mueller,Ro"]
[Result "1-0"]
[WhiteElo "2267"]
[BlackElo "2096"]

1.d4 Nf6 2.c4 e6 3.Nc3 Bb4 4.Qc2 O-O 5.e4 c5 6.e5 cxd4 7.a3 Qa5 8.exf6 dxc3
9.axb4 Qxa1 10.fxg7 Kxg7 11.bxc3 b5 12.Nf3 a5 13.Bd3 bxc4 14.Qd2 cxd3 15.Qg5+ Kh8
16.Qf6+ Kg8 17.O-O Qxc1 18.Rxc1 d2 19.Nxd2 Nc6 20.b5 Nd8 21.c4 Bb7 22.Rc3  1-0

[Event "GM"]
[Site "Augsburg GER"]
[Date "2004.12.27"]
[Round "1"]
[White "Atalik,S"]
[Black "Rozentalis,E"]
[Result "1/2-1/2"]
[WhiteElo "2541"]
[BlackElo "2595"]

1.d4 Nf6 2.c4 e6 3.Nc3 Bb4 4.Qc2 O-O 5.a3 Bxc3+ 6.Qxc3 d6 7.Bg5 Nbd7 8.e3 b6
9.Ne2 Bb7 10.Qd3 h6 11.Bh4 Re8 12.Nc3 Nf8 13.Qd1 Ng6 14.Bg3 Ne4 15.Nxe4 Bxe4
16.f3 Bb7 17.Bd3 Qg5 18.f4 Qf6 19.O-O Ne7 20.Qh5 Nf5 21.Bf2 g6 22.Qh3 h5
23.Rac1 Qg7 24.Be1 Nh6 25.Bc3 d5 26.c5 a5 27.b4 axb4 28.Bxb4 Ba6 29.Bxa6 Rxa6
30.cxb6 cxb6 31.Rc7 Nf5 32.Qf3 Raa8 33.Rfc1 Qf6 34.g3 Qd8 35.R7c6 Ne7 36.Rd6 Qb8
37.Qe2 Nf5 38.Rdc6 Qd8 39.Kf2 Kg7 40.h4 Rb8 41.Qa6 Kg8 42.Qa7 b5 43.Qc7 Qf6
44.Qe5 Qd8 45.Qc7 Qf6 46.Rb6 Qd8 47.Qxd8 Rexd8 48.Rcc6 Kg7 49.Bc5 Re8 50.Kf3 Kf6
51.Ra6 Rb7 52.Bb6 Kg7 53.Bc5 Kf6 54.Rcb6 Reb8 55.Rxb7 Rxb7 56.Ra8 Kg7 57.Bf8+ Kf6
58.Bc5 Kg7 59.Rc8 Kf6 60.Bb4 Kg7 61.Rc3 Kf6 62.Rb3 Ne7 63.Rc3 Kg7 64.Rc1 f6
65.Bc5 Kf7 66.Rb1 Nc6 67.Ke2 Rb8 68.Kd3 Ke8 69.Rg1 f5 70.Rc1 Kd7 71.Bb4 Rc8
72.Rb1 Nxb4+  1/2-1/2

[Event "Asian Juniors"]
[Site "Bikaner IND"]
[Date "2004.12.28"]
[Round "9"]
[White "Soumitra,M"]
[Black "Venkatesh,M"]
[Result "0-1"]
[WhiteElo "2148"]
[BlackElo "2450"]

1.d4 Nf6 2.c4 e6 3.Nc3 Bb4 4.Qc2 O-O 5.a3 Bxc3+ 6.Qxc3 b6 7.Bg5 Bb7 8.f3 d6
9.e3 Nbd7 10.Bd3 c5 11.Ne2 Rc8 12.O-O a6 13.Qd2 h6 14.Bh4 Qc7 15.Rac1 Rfe8
16.Rfd1 Qb8 17.b4 Bc6 18.e4 b5 19.cxb5 Bxb5 20.Bxb5 Qxb5 21.Nc3 Qb8 22.dxc5 dxc5
23.Qd6 cxb4 24.axb4 Rc4 25.Bxf6 Nxf6 26.Qxb8 Rxb8 27.Na2 Rxc1 28.Rxc1 Rb6
29.Rc7 Kf8 30.Kf2 a5 31.Rc2 axb4 32.Rb2 Nd7 33.Rxb4 Rc6 34.Rb2 Ne5 35.Ke2 g5
36.Nb4 Rc3 37.Rc2 Rb3 38.Nc6 Ng6 39.g3 h5 40.Nd4 Ra3 41.Kd2 g4 42.fxg4 hxg4
43.Rc3 Ra4 44.Ke3 Kg7 45.Kd3 Kf6 46.Ke3 Ne7 47.Nc6 Ng6 48.Nd4 Ra2 49.Nc2 Rb2
50.Kd3 Ne5+ 51.Ke3 Kg5 52.Rc5 Rb3+ 53.Ke2 Kf6 54.Nd4 Rb1 55.Rc2 Rh1 56.Ke3 Rd1
57.Nc6 Re1+ 58.Kf4 Rf1+ 59.Ke3 Rf3+ 60.Ke2 Ra3 61.Nd4 Ra1 62.Kf2 Rd1 63.Nc6 Rh1
64.Kg2 Re1 65.Rf2+ Nf3 66.Rxf3+ gxf3+ 67.Kxf3 Rc1 68.e5+ Kf5 69.g4+ Kg5 70.Nd8 Rc3+
71.Ke4 Rc4+ 72.Ke3 Kg6 73.Kf3 Rc3+ 74.Kf2 Rc5 75.h4 Rxe5 76.h5+ Kg7 77.h6+ Kh7
78.Nxf7 Rd5 79.Kg3 Kg6 80.h7 Kxh7 81.Kf4 Kg7 82.Ng5 Kf6 83.Ne4+ Kg6  0-1

[Event "Russian Blitz Internet Cup Superfinal"]
[Site "chessassistantclub.com INT"]
[Date "2004.12.28"]
[Round "19"]
[White "Dobrov,V"]
[Black "Ovetchkin,R"]
[Result "0-1"]
[WhiteElo "2487"]
[BlackElo "2473"]

1.d4 Nf6 2.c4 e6 3.Nc3 Bb4 4.Qc2 O-O 5.a3 Bxc3+ 6.Qxc3 b5 7.cxb5 c6 8.e3 cxb5
9.Bxb5 Ne4 10.Qb4 a5 11.Qc4 Qg5 12.Qf1 Ba6 13.Bxa6 Nxa6 14.Nf3 Qd5 15.Nd2 Rfc8
16.Nxe4 Qxe4 17.Bd2 Rc2 18.Bc3 Nc7 19.Rd1 Nd5 20.Qd3 Nxc3 21.bxc3 Qxg2 22.Qxc2 Qxh1+
23.Ke2 Qxh2 24.c4 Qh5+ 25.Kd2 Qf3 26.Ke1 Rb8 27.c5 h5 28.Qe2 Qh1+ 29.Kd2 Qe4
30.Kc3 a4 31.Qxh5 Rb3+ 32.Kd2 Rb2+ 33.Ke1 Qg2 34.Rd2 Rb1+ 35.Ke2 g6 36.Qh4 Kg7
37.Qg3 Qf1+ 38.Kf3 Rb3 39.c6 dxc6 40.Rc2 Qd1+ 41.Re2 Rb2 42.Qe5+ Kg8 43.Kf4 Qxe2
44.f3 Qb5 45.Qc7 Qf5+  0-1

[Event "Stepchev Memorial"]
[Site "Kiev UKR"]
[Date "2004.12.28"]
[Round "8"]
[White "Borsuk,K"]
[Black "Golichenko,I"]
[Result "1-0"]
[WhiteElo "2152"]
[BlackElo "2240"]

1.d4 Nf6 2.c4 e6 3.Nc3 Bb4 4.Qc2 O-O 5.a3 Bxc3+ 6.Qxc3 Ne4 7.Qc2 f5 8.g3 b6
9.Bg2 Bb7 10.Nf3 Nf6 11.O-O Be4 12.Qc3 Nc6 13.b4 Qe8 14.Bb2 Ne7 15.a4 d6
16.Nd2 Bxg2 17.Kxg2 Qh5 18.e3 g5 19.h3 Qg6 20.Qd3 h5 21.d5 e5 22.f4 gxf4
23.exf4 e4 24.Qe3 Kh7 25.Kh2 Rg8 26.Rg1 Qh6 27.Bxf6 Qxf6 28.Nb3 Ng6 29.Nd4 h4
30.g4 fxg4 31.Rxg4 Raf8 32.Rf1 Ne7 33.Qxe4+ Kh8 34.f5 Rxg4 35.Qxg4 Qh6 36.Qf4 Qh7
37.Qe4 Rg8 38.Rf4  1-0

[Event "Open A"]
[Site "Krakow POL"]
[Date "2004.12.28"]
[Round "2"]
[White "Jedynak,R"]
[Black "Aabling Thomsen,J"]
[Result "1-0"]
[WhiteElo "2415"]
[BlackElo "2136"]

1.d4 Nf6 2.c4 e6 3.Nc3 Bb4 4.Qc2 O-O 5.a3 Bxc3+ 6.Qxc3 Ne4 7.Qc2 f5 8.Nh3 Nc6
9.e3 e5 10.d5 Ne7 11.b4 d6 12.Bd3 a5 13.Bb2 axb4 14.axb4 Rxa1+ 15.Bxa1 Ng6
16.g3 f4 17.Bxe4 Bxh3 18.gxf4 exf4 19.Bxg6 hxg6 20.Qxg6 Rf7 21.Qh5 Bg2 22.Rg1 f3
23.Kd2 Qa8 24.Qg6 b5 25.Bd4 bxc4 26.Ra1 Qxd5 27.Ra5 c3+ 28.Kxc3 c5 29.bxc5 Bf1
30.Kd2 Be2 31.h4 Rf6 32.Qe8+ Kh7 33.Qa8 Qb3 34.Qe4+ Rg6 35.Ra7 Qb4+ 36.Kc2 Qc4+
37.Kd2 Qb4+ 38.Kc2 Qc4+ 39.Kb2 Qb4+ 40.Kc1 Qe1+ 41.Kc2 Qd1+ 42.Kc3 Qe1+ 43.Kb3 Qd1+
44.Ka2 Bc4+ 45.Kb2 Qd2+ 46.Ka1 Qc1+ 47.Qb1 Qxb1+ 48.Kxb1 dxc5 49.Bxc5 Rg1+
50.Kc2 Bd5 51.Bd4 Kh6 52.Re7 Ba2 53.Kd2 Bc4 54.e4 Be2 55.Ke3 Rg4 56.Be5 Rg6
57.Bf4+ Kh7 58.Bg5 Kg8 59.Rc7 Re6 60.Kd4 Kf8 61.Kd5 Ra6 62.e5 Bd1 63.Rc3 Ke8
64.e6 Ba4 65.Rc8+  1-0

[Event "13th Donau Open"]
[Site "Aschach AUT"]
[Date "2004.12.30"]
[Round "6"]
[White "Serdt,S"]
[Black "Mueller,Ro"]
[Result "1-0"]
[WhiteElo "2239"]
[BlackElo "2096"]

1.d4 Nf6 2.c4 e6 3.Nc3 Bb4 4.Qc2 O-O 5.a3 Bxc3+ 6.Qxc3 Ne4 7.Qc2 f5 8.Nf3 b6
9.g3 Bb7 10.Bg2 Nf6 11.O-O h6 12.b3 Be4 13.Qc3 d6 14.Bb2 Qe8 15.Rfe1 Nbd7
16.Bf1 Bb7 17.Nd2 Ne4 18.Nxe4 fxe4 19.Bg2 Nf6 20.f3 Qg6 21.Rad1 Rf7 22.Qe3 Re8
23.Rf1 Qg5 24.Qxg5 hxg5 25.fxe4 Nxe4 26.Rxf7 Kxf7 27.b4 Ba8 28.d5 exd5 29.cxd5 Nf6
30.Rc1 Nxd5 31.e4 Ne3 32.Rxc7+ Re7 33.Rxe7+ Kxe7 34.Bf3 g4 35.Be2 Bxe4 36.Kf2 Nd5
37.Bxg4 Nf6 38.Be2 Bc2 39.Ke3 g6 40.h3 Ne4 41.Kf4 g5+ 42.Kf3 Ke6 43.h4 gxh4
44.gxh4 a5 45.Bd4 axb4 46.axb4 Kd5 47.Bxb6 Nd2+ 48.Kf4 Nc4 49.Bf3+ Ke6 50.Bd4 Ne5
51.Bxe5 dxe5+ 52.Kg5 e4 53.Bg4+ Ke5 54.h5 Bd3 55.h6 e3 56.Be2 Kd4 57.Kf4  1-0

[Event "21st Open"]
[Site "Boeblinger GER"]
[Date "2004.12.30"]
[Round "8"]
[White "Vasilev,M"]
[Black "Nuesken,N"]
[Result "1-0"]
[WhiteElo "2425"]
[BlackElo "2231"]

1.d4 Nf6 2.c4 e6 3.Nc3 Bb4 4.Qc2 O-O 5.a3 Bxc3+ 6.Qxc3 b6 7.Bg5 Bb7 8.e3 d6
9.Ne2 Nbd7 10.f3 c5 11.dxc5 bxc5 12.Qc2 d5 13.Nc3 d4 14.Nb5 e5 15.Nd6 Bc6
16.Bd3 h6 17.Bh4 Qc7 18.Nf5 Rfe8 19.O-O Rab8 20.exd4 exd4 21.Rae1 Qb6 22.Bg3 Rbd8
23.Bd6 Bb7 24.Be7 Ra8 25.Qf2 Kh8 26.Qg3 g6 27.Nxh6 Kg7 28.Nxf7 Nh5 29.Qg4 Bc8
30.Nd6  1-0

[Event "Open A"]
[Site "Krakow POL"]
[Date "2005.01.02"]
[Round "7"]
[White "Kirschbaum,G"]
[Black "Godard,M"]
[Result "1/2-1/2"]
[WhiteElo "2215"]
[BlackElo "2365"]

1.d4 Nf6 2.c4 e6 3.Nc3 Bb4 4.Qc2 O-O 5.a3 Bxc3+ 6.Qxc3 b6 7.f3 c5 8.dxc5 bxc5
9.Bg5 Nc6 10.e3 Bb7 11.Nh3 h6 12.Bh4 Ne4 13.Bxd8 Nxc3 14.Bc7 Rfc8 15.Bd6 Na4
16.b4 f6 17.Nf4 cxb4 18.axb4 Nb6 19.Bd3 a5 20.bxa5 Nxa5 21.c5 Nd5 22.Nxd5 Bxd5
23.e4 Bc4 24.Ke2 Bxd3+ 25.Kxd3 Nb7 26.f4 Rxa1 27.Rxa1 Nxc5+ 28.Bxc5 Rxc5
29.Ra7 Rc1 30.Ke2 Rc2+ 31.Kf3 Rd2 32.g4 Kf7 33.h4 g5 34.fxg5 fxg5 35.h5 Kf6
36.Ke3 Rd1 37.Ke2 Rd6 38.Ra5 Rd4 39.Ke3 Rb4 40.Kf3 d6 41.Ke3 Rb3+ 42.Kf2 Rc3
43.Rb5 Rc5 44.Rb7 Ke5 45.Rh7 Kf4 46.Rxh6 Rc2+ 47.Kf1 e5 48.Rxd6 Kxg4 49.h6 Kf3
50.Kg1 Rg2+ 51.Kh1 Rg4 52.Rd3+ Kf2 53.Kh2 Rf4 54.h7 Rf8 55.Kh3 Rh8 56.Kg4 Rxh7
57.Rd5 Rh4+ 58.Kxg5  1/2-1/2

[Event "13th Fajr Open"]
[Site "Tehran IRI"]
[Date "2005.01.28"]
[Round "2"]
[White "Samimi,S"]
[Black "Moradiabadi,E"]
[Result "0-1"]
[WhiteElo "2146"]
[BlackElo "2439"]

1.d4 Nf6 2.c4 e6 3.Nc3 Bb4 4.Qc2 O-O 5.e4 d6 6.Bd3 Nc6 7.Ne2 e5 8.dxe5 Nxe5
9.O-O Nfg4 10.h3 Nxd3 11.Qxd3 Ne5 12.Qc2 a5 13.Nd5 f5 14.Be3 b6 15.Nd4 fxe4
16.Qxe4 Bd7 17.a3 Bc5 18.b4 Bxd4 19.Qxd4 Bxh3 20.f4 Nc6 21.Qc3 Be6 22.b5 Ne7
23.Bd4 Nf5 24.Ne3 Nxe3 25.Bxe3 Qd7 26.Bd4 Rae8 27.Rac1 Qf7 28.Qg3 Re7 29.Rf2 Bf5
30.Bb2 Rfe8 31.Qg5 Re6 32.Bd4 Rg6 33.Qh4 Rg4 34.Qh3 Re4 35.Qc3 Rgxf4 36.Rcf1 Rxf2
37.Rxf2 Qg6 38.Qd2 h6 39.Bb2 Be6 40.c5 Bc4 41.cxb6 cxb6 42.a4 Rh4 43.Rf4 Qg5
44.Rd4 Rxd4 45.Qxd4 Qc5 46.Kh2 Qxd4 47.Bxd4 Bb3 48.Bxb6 Bxa4 49.Bc7 Bxb5
50.Bxd6 Kf7 51.g3 a4 52.Kg2 g5 53.g4 Kg6 54.Kg3 Be2 55.Bf8 Bd1 56.Be7 Kf7
57.Ba3 Ke6 58.Bf8 h5 59.gxh5 Bxh5 60.Ba3 Kd5 61.Be7 g4 62.Kh4 Ke4 63.Kg3 Kd3
64.Kh4 Kd4 65.Ba3 Kd5 66.Bf8 Ke4 67.Kg3 Ke5 68.Ba3 Kd4 69.Bd6 Kd5 70.Ba3 Kc4
71.Bd6 Kb3 72.Kh4 a3  0-1

[Event "IMA1"]
[Site "Marianske Lazne CZE"]
[Date "2005.01.30"]
[Round "9"]
[White "Wiley,To"]
[Black "Becker,Mart"]
[Result "1/2-1/2"]
[WhiteElo "2208"]
[BlackElo "2251"]

1.d4 Nf6 2.c4 e6 3.Nc3 Bb4 4.Qc2 O-O 5.a3 Bxc3+ 6.Qxc3 b6 7.Bg5 Bb7 8.Nf3 d6
9.Nd2 Nbd7 10.f3 d5 11.e3 Re8 12.Be2 h6 13.Bh4 Ne4 14.Bxd8 Nxc3 15.Bxc7 Nxe2
16.Kxe2 Rac8 17.Bg3 dxc4 18.Rac1  1/2-1/2

[Event "Zimski Winter Open"]
[Site "Belgrade SCG"]
[Date "2005.02.01"]
[Round "9"]
[White "Sarenac,D"]
[Black "Cerovic,D"]
[Result "1/2-1/2"]
[WhiteElo "2074"]
[BlackElo "2149"]

1.d4 Nf6 2.c4 e6 3.Nc3 Bb4 4.Qc2 O-O 5.a3 Bxc3+ 6.Qxc3 b6 7.Nf3 Bb7 8.Bg5 d6
9.Rd1 Nbd7 10.e3 h6 11.Bxf6 Qxf6 12.Be2  1/2-1/2

[Event "5th It"]
[Site "Pulvermuehle GER"]
[Date "2005.02.05"]
[Round "2"]
[White "Reinderman,D"]
[Black "Meier,Geo"]
[Result "1/2-1/2"]
[WhiteElo "2517"]
[BlackElo "2372"]

1.d4 Nf6 2.c4 e6 3.Nc3 Bb4 4.Qc2 O-O 5.a3 Bxc3+ 6.Qxc3 b6 7.Bg5 Bb7 8.e3 h6
9.Bh4 c5 10.f3 cxd4 11.Qxd4 Nc6 12.Qd1 d5 13.Nh3 Rc8 14.cxd5 exd5 15.Bd3 Re8
16.Bf2 Ne5 17.O-O Nxd3 18.Qxd3 Nd7 19.Rfd1 Nc5 20.Qf5 Ne6 21.Rd2 g6 22.Qg4 Rc4
23.Qg3 Qb8 24.Qxb8 Rxb8 25.Rad1 g5 26.Kf1 Re8 27.Ng1 b5 28.Ne2 a5 29.Bg3 b4
30.axb4 axb4 31.Ra1 Nc5 32.Ra7 Nb3  1/2-1/2